Riadenie sauny pomocou počítača

Na minha lista:
Detalhes bibliográficos
Autor principal: Plevjak, Jozef, 1984- (Author)
Outros Autores: Rumpel, Ján, 1961- (xxx)
Formato: Manuscrito Livro
Idioma:eslovaco
Publicado em: STU v Bratislave MTF UIAM, 2010
Acesso em linha:VAIS
Tags: Adicionar Tag
Sem tags, seja o primeiro a adicionar uma tag!

MARC

LEADER 00000ntm a22000003a 4500
001 stu206737
005 20160719160223.5
008 100708s2010------------------------slo-d
040 |a STU  |b slo 
041 0 |a slo 
100 1 |a Plevjak, Jozef,  |d 1984-  |4 aut  |X 34376  |7 A000034376 
242 0 0 |a Sauna control by computer  |y eng 
245 1 |a Riadenie sauny pomocou počítača 
260 |b STU v Bratislave MTF UIAM,  |c 2010 
700 1 |a Rumpel, Ján,  |d 1961-  |4 xxx  |X 71894  |7 A000071894 
856 4 |a info a plný text  |u http://is.stuba.sk/zp/portal_zp.pl?podrobnosti=75157  |3 VAIS 
996 |c M*DP-9241  |l MMSKP  |s P  |a 0  |w stu206737_0001